000 00630nam a22001697a 4500
008 160503b xxu||||| |||| 00| 0 eng d
020 _a9719229683
082 _22005
_aDFil 337.11823
_bAs4
245 _aAsian cooperation:
_bproblems and challenges in the new century/
_cADMU-CAS.
260 _aQuezon City:
_bADMU-CAS,
_cc2005.
300 _avii, 173 pages;
_b
_c23 cm.
500 _aIncludes bibliographical references and index.
650 0 _97376
_aAsian cooperation.
650 0 _97377
_aInternational economic cooperation
710 _97378
_aAteneo de Manila University. Center for Asian Studies.
942 _2ddc
_cDFIL
999 _c2252
_d2252